[Event "Chess24 Legends of Chess"]
[Site "Online"]
[Date "2020.07.18"]
[Round "7.4"]
[White "Carlsen, Magnus"]
[Black "Svidler, Peter"]
[Result "1-0"]
[WhiteElo "2881"]
[BlackElo "2742"]
[Annotator "TA"]
[PlyCount "127"]
[EventDate "2020.07.21"]
[EventType "tourn"]
[SourceTitle "playchess.com"]
[Source "ChessBase"]
[SourceQuality "1"]

{[%evp 10,127,7,0,16,0,0,-14,-15,-13,-13,-14,-6,-7,-4,-37,-34,-37,0,0,0,0,0,0,9,0,0,0,25,19,19,13,56,45,109,110,91,54,61,27,27,17,52,35,37,37,37,37,35,35,34,27,33,35,37,34,39,37,50,49,59,59,77,78,77,75,83,83,83,83,83,83,83,83,83,83,83,83,77,67,67,67,122,97,192,194,205,196,252,252,250,245,310,239,241,241,238,144,337,337,337,337,337,337,330,327,317,316,288,289,449,411,883,831,6845,6126,5642,5531,4132,1995]} 1. d4 Nf6 2. Nf3 g6 3. Bf4 Bg7 4. e3 O-O 5. Be2 c5 6. O-O Qb6 {A48: 1 d4 Nf6 2 Nf3 g6: Torre, London and Colle Systems.} 7. Nbd2 d5 8. Qc1 Nc6 {[%cal Rc5d4] The position is equal.} 9. c3 Nh5 {[%cal Rc5d4]} 10. Bg5 h6 11. Bh4 {[#]} g5 $146 ({Predecessor:} 11... cxd4 12. cxd4 g5 13. Bg3 Bg4 14. Re1 Rfc8 15. Qb1 Nb4 16. Rc1 Rxc1+ 17. Qxc1 Rc8 {½-½ (51) Henke,S-Jung,R DESC email 2008}) 12. Bg3 (12. dxc5 {is more complex.} Qxc5 13. Nd4 gxh4 14. Bxh5 e5 15. N4b3) 12... Nxg3 13. hxg3 e5 14. Nxe5 Nxe5 15. dxe5 Bxe5 16. e4 dxe4 17. Nc4 Qe6 18. Qe3 Bg7 19. Qxc5 b6 20. Qa3 f5 21. Rad1 Bd7 ({Better is} 21... Qg6 $14) 22. Rd6 Qe8 23. Bh5 Qe7 24. Ne3 (24. Ne5 $5 Be8 25. Bxe8 Rfxe8 26. Nc6 $11) 24... Be6 25. Bd1 {[#] Strongly threatening Rxe6!} f4 26. Rxe6 Qxa3 (26... Qxe6 $2 {perishes.} 27. Bb3 $18) 27. bxa3 {Hoping for Nd5.} fxe3 28. fxe3 Rxf1+ 29. Kxf1 $14 {[%mdl 4096] Endgame KRB-KRB} Kf8 30. Ke2 Rc8 31. Bb3 Rxc3 32. Rxe4 Rc5 33. Re6 Re5 34. Rd6 Ke7 35. Rg6 Kf8 36. g4 Rc5 37. a4 Re5 38. Kd3 Rc5 39. Bc4 Re5 40. Rc6 Rc5 41. Rd6 Ke7 42. Rg6 Kf8 43. e4 Rc7 44. a5 bxa5 45. Ra6 Ke7 (45... Rd7+ $14 46. Bd5 Rc7) 46. e5 $1 $16 Kf8 (46... a4 $16) 47. Rxa5 $18 Ke7 48. Bb3 Rb7 (48... Bf8 $142 49. Ke4 Ke8) 49. Ke4 Bf8 50. Kf5 Rc7 51. Ra6 Ke8 52. Kg6 Rb7 53. Re6+ Kd8 $2 {This costs Black the game.} (53... Be7 $16 54. Kxh6 Rb4) 54. Rf6 Be7 55. Kxh6 Rb5 56. Rf5 Rb4 57. e6 Rxg4 58. Rd5+ Ke8 59. Kg6 Rf4 (59... a6 $142 60. g3 Rb4) 60. Ra5 Kf8 (60... Rd4 $142 61. Rxa7 Bc5) 61. Rxa7 {White is clearly winning.} Rf6+ 62. Kh7 {[#] Threatening mate with Ra8+.} Bd6 63. Rf7+ Rxf7+ 64. exf7 {Accuracy: White = 90%, Black = 64%.} 1-0

[Event "Chess24 Legends of Chess"]
[Site "Online"]
[Date "2020.07.18"]
[Round "7.4"]
[White "Nepomniachtchi, Ian"]
[Black "Leko, Peter"]
[Result "1/2-1/2"]
[WhiteElo "2778"]
[BlackElo "2710"]
[Annotator "TA"]
[PlyCount "70"]
[EventDate "2020.07.21"]
[EventType "tourn"]
[SourceTitle "playchess.com"]
[Source "ChessBase"]
[SourceQuality "1"]

{[%evp 13,70,40,43,20,32,32,19,25,29,39,27,26,20,22,20,27,25,28,18,20,22,14,30,30,32,30,28,32,32,31,31,31,31,26,26,26,26,26,26,26,26,26,27,27,27,27,30,24,156,0,0,0,0,0,0,0,0,0,0]} 1. e4 e5 2. Nf3 Nc6 3. Bc4 Bc5 4. O-O Nf6 5. d3 O-O 6. c3 d5 7. exd5 Nxd5 8. a4 {C54: Giuoco Piano: 4 c3 Nf6, main lines with 5 d4 and 5 d3.} a5 9. Nbd2 Nb6 10. Bb5 Bd6 11. Re1 Bg4 12. Ne4 Na7 13. h3 Bh5 14. d4 Nxb5 15. axb5 exd4 16. Nxd6 Qxd6 17. Qxd4 Qxd4 18. Nxd4 Bg6 19. Bf4 Rfc8 {[#]} 20. Bg3 $146 ({Predecessor:} 20. b3 c5 21. bxc6 bxc6 22. c4 a4 23. bxa4 c5 24. Nb5 Rxa4 25. Nd6 Rd8 26. Rac1 {½-½ (32) Harikrishna,P (2730)-Vidit,S (2711) Prague 2019}) 20... a4 21. Re7 Nc4 22. b3 ({Of course not} 22. Rxc7 Rxc7 23. Bxc7 Nxb2 $17) 22... axb3 23. Rxa8 Rxa8 24. Nxb3 Rc8 25. Rxc7 ({Wrong is} 25. Bxc7 $2 Kf8 $19) 25... Rxc7 26. Bxc7 $11 {[%mdl 4096] Endgame KBN-KBN} b6 27. Kf1 Bd3+ 28. Ke1 Kf8 29. h4 Ke7 30. f3 Kd7 {[#]} (30... f6 $11 {remains equal.}) 31. Bg3 $2 (31. Bxb6 $1 $16 {[%mdl 512] Black must now prevent Nc5+.} Nxb6 32. Nc5+ {[%mdl 64] Double Attack} Kc7 33. Nxd3) 31... Na3 {The position is equal.} 32. Bf2 Kc7 33. Bg3+ Kd7 34. Bf2 Kc7 35. Bg3+ Kd7 {Accuracy: White = 96%, Black = 90%.} 1/2-1/2

[Event "Chess24 Legends of Chess"]
[Site "Online"]
[Date "2020.07.18"]
[Round "7.4"]
[White "Kramnik, Vladimir"]
[Black "Ivanchuk, Vasyl"]
[Result "0-1"]
[WhiteElo "2756"]
[BlackElo "2686"]
[Annotator "TA"]
[PlyCount "94"]
[EventDate "2020.07.21"]
[EventType "tourn"]
[SourceTitle "playchess.com"]
[Source "ChessBase"]
[SourceQuality "1"]

{[%evp 18,94,16,14,14,10,10,3,2,5,5,4,14,8,15,18,6,-19,0,0,0,-37,-29,-42,-36,-29,-33,-20,-17,-36,0,-75,-82,-88,-72,-82,-19,-56,-6,-31,-37,-50,-41,-36,-43,-152,-155,-360,-356,-467,-460,-514,-472,-508,-497,-526,-520,-492,-447,-422,-102,-104,-106,-105,-104,-103,-108,-122,-108,-108,-110,-109,-49,-51,-50,-653,-538,-29987,-12844]} 1. e4 e5 2. Nf3 Nc6 3. Bc4 Nf6 4. d3 Bc5 5. c3 a6 6. O-O Ba7 7. Re1 d6 8. Bb3 h6 9. Nbd2 O-O 10. Nf1 Re8 {C54: Giuoco Piano: 4 c3 Nf6, main lines with 5 d4 and 5 d3.} 11. Ng3 Be6 12. Ba4 b5 {The position is equal.} 13. Bc2 d5 14. exd5 {[#]} Qxd5 $146 ({Predecessor:} 14... Bxd5 15. h3 Bc5 16. b4 Bf8 17. a4 g6 18. h4 Be6 19. h5 g5 20. Nxe5 Nxe5 21. Rxe5 {1-0 (35) Oratovsky,M (2499)-Gonzalez Perez,A (2492) Catalunya 2014}) 15. Be3 Bb6 16. h3 Qd6 17. a4 b4 18. a5 Bxe3 19. fxe3 bxc3 20. bxc3 e4 21. Nxe4 Nxe4 22. dxe4 Qg3 23. Kh1 Rab8 24. Ba4 (24. Qe2 $11 Rb2 25. Reb1 Rxb1+ 26. Rxb1) 24... Red8 $17 (24... Rb2 $6 25. Re2 $16) 25. Qe2 Nxa5 26. Nd4 Rd6 (26... Nc4 $17 27. Qf3 (27. Nxe6 Rd2 $17) 27... Qxf3 28. gxf3 Rb6) 27. Qf3 Qg5 28. Qf4 (28. Reb1 $5 {[%cal Rb1b8]} Rdb6 29. Rxb6 Rxb6 30. Bc2 $11 (30. Nxe6 Rxe6 31. Rf1 Qe7 $15)) 28... Nc4 29. Bb3 {[#]} Rxd4 $1 {[%mdl 512]} 30. cxd4 {Hoping for Ba2.} Rxb3 $40 {[%mdl 128] Black mounts an attack.} 31. d5 ({White has to play} 31. Qxg5 $15 hxg5 32. Rxa6) 31... Bd7 32. Rac1 $2 (32. Qxg5 $17 hxg5 33. Rxa6) 32... Bb5 $19 ({Don't play} 32... Rxe3 33. Qxg5 Rxe1+ 34. Rxe1 $19) 33. h4 Qe7 34. Rc2 Rb4 35. Rec1 a5 {[%cal Ba6a5,Ba5a4][%mdl 32]} 36. Kg1 a4 37. e5 Nxe5 38. Rxc7 Qxc7 $2 ({Not} 38... Rxf4 39. Rxe7 Rc4 40. Rxc4 $17) (38... Qd6 $19 {and Black stays clearly on top.} 39. Rc8+ Kh7) 39. Rxc7 $17 Rxf4 40. exf4 Nc4 41. Rb7 {[#]} Be8 $1 42. Kf2 Kf8 43. g4 a3 {...Ba4 is the strong threat.} 44. Ra7 Bb5 (44... f6 $17 45. Kf3 h5 46. gxh5 Bxh5+ 47. Ke4 Nd6+ 48. Ke3 Be8) 45. Kf3 $15 Nb6 46. d6 $2 {[%mdl 8192]} (46. Rxa3 $15 Nxd5 47. f5) 46... Ba4 $19 {aiming for ...a2.} 47. Rb7 {Threatens to win with Rb8+.} Bc6+ {[%mdl 64] Double Attack. Accuracy: White = 50%, Black = 75%.} 0-1

[Event "Chess24 Legends of Chess"]
[Site "Online"]
[Date "2020.07.18"]
[Round "7.5"]
[White "Nepomniachtchi, Ian"]
[Black "Leko, Peter"]
[Result "1-0"]
[WhiteElo "2778"]
[BlackElo "2710"]
[Annotator "TA"]
[PlyCount "135"]
[EventDate "2020.07.21"]
[EventType "tourn"]
[SourceTitle "playchess.com"]
[Source "ChessBase"]
[SourceQuality "1"]

{[%evp 10,135,15,2,28,18,17,-47,-51,-54,-60,-62,25,38,124,0,0,0,22,-65,-61,-128,219,208,491,471,472,-12,-17,-35,-21,-19,-26,-23,-23,-29,-25,-32,-30,-103,-103,-97,0,0,0,0,0,0,0,0,0,0,7,0,0,0,0,0,0,0,0,0,0,0,0,0,0,0,17,0,65,0,0,0,0,0,0,0,0,0,0,0,0,0,0,0,7,0,0,0,8,0,20,0,0,0,106,0,30,0,0,0,11,0,0,0,0,0,0,0,0,203,248,0,0,0,5579,2370,29940,72,67,0,29956,29957,29936,11634,4641,4627]} 1. b3 Nf6 2. Bb2 e6 3. Nf3 d5 4. e3 Be7 5. c4 O-O 6. Nc3 c6 {A13: English Opening: 1...e6.} 7. Qc2 b6 {[#]} 8. g4 $146 (8. d4 $11) ({Predecessor:} 8. Rg1 Bb7 9. g4 c5 10. g5 Ne4 11. Be2 Nc6 12. Nxe4 Nb4 13. Qc3 d4 14. exd4 cxd4 15. Nxd4 Qxd4 16. Qxd4 {1-0 (31) Jakubowski,K (2526)-Tokranovs,D (2348) Katowice 2017}) 8... Nxg4 $15 {Black is slightly better.} 9. Rg1 Nf6 10. O-O-O c5 (10... Bb7 $15) 11. d4 $11 cxd4 (11... Nc6 $14) 12. Rxd4 (12. Nxd4 $16 g6 13. Bg2) 12... Nc6 13. Rh4 g6 14. Ng5 (14. Bd3 $1 $11) 14... Nb4 $15 15. Qb1 dxc4 $2 {[%mdl 8192]} (15... Ne8 $1 $17 16. Rh5 Ng7 17. Rxh7 Bxg5 18. Rxg7+ Kxg7 19. Nxd5+ Kh7 20. Nxb4 Bb7) 16. Bxc4 $18 {Black must now prevent Nxh7!} Qe8 $2 (16... Ba6 {was necessary.}) 17. Nce4 Nbd5 18. Bxd5 $2 ({Better is} 18. Rh6 $18) 18... exd5 $11 19. Nxf6+ Bxf6 20. Bxf6 Qc6+ {[%mdl 64] Double Attack} 21. Qc2 Qxf6 22. Qb2 Qxb2+ 23. Kxb2 h5 24. Nf3 (24. Rd4 $11) 24... Bg4 $17 25. Ne5 Rfe8 ({Black should try} 25... g5 $17 26. Rh3 Bxh3 27. Rxg5+ Kh8 28. Rxh5+ Kg7 29. Rxh3 Rg8) 26. Nxg4 $11 {aiming for Nf6+.} hxg4 27. Rhxg4 {[%mdl 4096] Endgame KRR-KRR} Kg7 28. Rd1 Re5 29. h4 Rh8 30. a4 a5 31. Kc3 Rc8+ 32. Kd3 Rf5 33. Rd2 Kf6 34. b4 Ke6 35. bxa5 bxa5 36. Rb2 Rc5 37. Ke2 Kf6 38. Rd4 Rh5 39. Kf3 Kg7 (39... Rf5+ $11 40. Kg3 Rc1) 40. Rf4 (40. Kg3 $1 $14) 40... Rc4 41. Rb5 {Threatens to win with Rxc4.} Rxf4+ 42. exf4 Rxh4 43. Rxd5 {KR-KR} Rh3+ 44. Kg2 Ra3 45. Rxa5 Kh6 46. f3 Ra2+ 47. Kg3 f6 48. Ra7 Ra3 49. Ra6 {Ra8 is the strong threat.} Ra2 50. Ra8 Ra3 51. a5 Ra2 52. a6 Kg7 (52... f5 $11 {keeps the balance.}) 53. Kg4 (53. f5 $1 $16) 53... Ra4 54. Ra7+ Kh6 $1 55. Kg3 Ra3 56. Kf2 {Hoping for Ra8.} Ra4 57. Ke3 Ra3+ 58. Ke4 {Strongly threatening Ra8.} Ra4+ 59. Ke3 $2 (59. Kd5 $11 Rxf4 60. Kc5) 59... Ra3+ $18 60. Ke2 Ra2+ 61. Kd3 $2 (61. Kd1 $18) 61... Ra3+ $1 $11 62. Kc4 {And now Ra8 would win.} Ra4+ $2 {[%mdl 8192]} (62... Rxf3 $11 63. Ra8 Ra3) 63. Kb5 $18 Rxf4 {[#]} 64. Rc7 $2 (64. Ra8 $1 {mates} Rf5+ 65. Kb4 Rf4+ 66. Ka5 Rf5+ 67. Kb4 Rf4+ 68. Kb5 Rf5+ 69. Kb4) 64... Rxf3 $16 65. Rc4 (65. Rc5 $1 $14) 65... Rb3+ $2 {[%mdl 8192] [#]} (65... Rd3 $11) 66. Rb4 $1 Re3 67. a7 Re8 68. Ka6 {Accuracy: White = 74%, Black = 70%.} 1-0

[Event "Chess24 Legends of Chess"]
[Site "Online"]
[Date "2020.07.18"]
[Round "8.1"]
[White "Nepomniachtchi, Ian"]
[Black "Carlsen, Magnus"]
[Result "1/2-1/2"]
[WhiteElo "2778"]
[BlackElo "2881"]
[Annotator "TA"]
[PlyCount "108"]
[EventDate "2020.07.21"]
[EventType "tourn"]
[SourceTitle "playchess.com"]
[Source "ChessBase"]
[SourceQuality "1"]

{[%evp 10,108,22,24,27,26,19,30,41,0,21,0,24,27,36,26,25,28,29,18,65,60,51,43,67,51,45,45,53,27,59,54,83,50,64,14,15,-24,-18,-25,0,0,0,0,0,0,0,-37,-28,-97,-76,-76,-64,-66,-78,-104,-111,-148,-148,-176,-154,-176,-131,-173,-177,-181,-180,-183,-182,-158,-85,-85,-85,-162,-159,-159,-159,-159,-159,-159,-159,-161,-14,-22,-14,-14,-14,-14,0,0,0,0,0,0,0,0,0,0,0,0,0]} 1. c4 Nf6 2. g3 c6 3. Bg2 d5 4. Nf3 Bf5 5. Qb3 Qb6 6. d3 e6 {A11: English Opening: 1...c6.} 7. Be3 Qxb3 8. axb3 a6 {White has an edge.} 9. Bd4 Nbd7 10. Bc3 Bd6 11. Nh4 {[#]} Bg4 $146 ({Predecessor:} 11... Bg6 12. Nxg6 hxg6 13. b4 e5 14. Na3 Ke7 15. Nc2 Rad8 16. h3 Rhe8 17. b3 e4 18. dxe4 dxe4 {1-0 (53) Gordievsky,D (2603)-Gagare,S (2495) Moscow 2019}) 12. h3 Bh5 13. g4 Bg6 $1 14. Nd2 Ke7 15. O-O Bf4 16. e3 Bd6 17. g5 Ne8 18. Nxg6+ hxg6 19. b4 Rc8 20. f4 f6 21. Nf3 Bb8 22. b3 Nd6 23. Rae1 Nf5 24. Rf2 Ba7 25. c5 Bb8 26. e4 dxe4 27. dxe4 Nh4 28. gxf6+ gxf6 29. Nd2 (29. e5 $11 fxe5 30. fxe5) 29... g5 $36 {[%mdl 2048] White is under strong pressure.} 30. fxg5 Bg3 $1 {Hoping for ...Rcg8.} 31. gxf6+ (31. Bxf6+ $2 Nxf6 32. gxf6+ Kf7 $17) 31... Kf7 32. Nc4 {aiming for Rd2.} Rcg8 $1 {[%mdl 1024] Black has strong compensation.} 33. Nd6+ {[%mdl 64] Double Attack} Kf8 34. Rfe2 Nf3+ 35. Kf1 Nh2+ $1 (35... Nxe1 36. f7 $17) 36. Kg1 {And now f7 would win.} Bxe1 37. Bxe1 Rxh3 $1 {Strongly threatening ...Ne5.} 38. Nxb7 {[#]} Ne5 $1 {[%cal Re5d3] Threatens to win with ...Nd3.} (38... Nxf6 39. Na5 $17) 39. Nd8 Rh6 (39... Rg4 $142 {...Nd3 is the strong threat.} 40. Nxe6+ Kf7) 40. Nxe6+ $17 Kf7 {[%mdl 64] Double Attack} 41. Ng7 (41. Nd4 $17 {was worth a try.}) 41... Nhf3+ ({Worse is} 41... Kxf6 42. Nf5 $11) 42. Bxf3 Nxf3+ 43. Kf2 {[#]} Ne5 $1 ({Much less strong is} 43... Nd4 44. Rd2 $15) 44. Bc3 Kxf6 45. Nf5 Rh2+ ({Black should play} 45... Rh3 $19 46. Re3 Rh2+ 47. Kf1 Ke6) 46. Ke3 {The position is equal.} Rxe2+ 47. Kxe2 $11 {[%mdl 4096] Endgame KRN-KBN} Rg2+ 48. Ke3 Ke6 (48... Rg1 {with more complications.} 49. Nd4 Rg3+ 50. Kd2 Kf7 51. Ne2 Rd3+) 49. Bxe5 Kxe5 {KR-KN} 50. Nd4 Rg6 51. Nf3+ Ke6 52. Nd4+ Ke5 53. Nf3+ Ke6 54. Nd4+ Ke5 {Whites escaped into a draw. Accuracy: White = 69%, Black = 82%.} 1/2-1/2

[Event "Chess24 Legends of Chess"]
[Site "Online"]
[Date "2020.07.18"]
[Round "8.1"]
[White "Kramnik, Vladimir"]
[Black "Svidler, Peter"]
[Result "0-1"]
[WhiteElo "2756"]
[BlackElo "2742"]
[Annotator "TA"]
[PlyCount "92"]
[EventDate "2020.07.21"]
[EventType "tourn"]
[SourceTitle "playchess.com"]
[Source "ChessBase"]
[SourceQuality "1"]

{[%evp 17,92,23,24,10,25,30,31,0,53,47,52,-70,-76,-117,-112,-108,-64,-74,-66,-85,-85,-97,-105,-139,-137,-151,-147,-358,-350,-461,-454,-469,-468,-460,-435,-786,-768,-723,-689,-654,-598,-587,-585,-564,-512,-525,-524,-516,-512,-609,-604,-595,-569,-580,-577,-562,-562,-591,-590,-610,-619,-680,-688,-726,-733,-710,-714,-873,-856,-877,-879,-885,-883,-932,-909,-861,-850]} 1. e4 c5 2. Nf3 d6 3. d4 cxd4 4. Nxd4 Nf6 5. Nc3 a6 6. Be2 e6 7. f4 Be7 8. Be3 Qc7 9. Bf3 Nc6 10. g4 {B84: Sicilian Scheveningen: 6 Be2 a6, lines without early Be3.} Nxd4 11. Qxd4 {Strongly threatening g5.} e5 {[#]} 12. Qd3 $146 {White is slightly better.} ({Predecessor:} 12. Qd1 exf4 13. Bxf4 Qb6 14. g5 Qxb2 15. Bd2 Nd7 16. Rb1 Qa3 17. Nd5 Bd8 18. Rb3 {½-½ (33) Baroin,B (2246)-Portych,V (2235) ICCF email 2018}) 12... Nxg4 (12... Bxg4 $11 13. Bxg4 Nxg4) 13. Nd5 $14 Bh4+ 14. Ke2 (14. Kd2 $14 Qc6 15. f5 Nxe3 16. Qxe3) 14... Qc6 $15 15. Rag1 Nxe3 16. Nxe3 g6 17. f5 $1 Bd7 18. Rd1 O-O-O 19. c4 Qb6 20. Rd2 Bc6 21. Qc3 Rhg8 22. b4 $2 {Loses the game.} (22. b3 $17) 22... gxf5 $19 23. Nxf5 Qf2+ {Black is clearly winning.} 24. Kd1 Ba4+ 25. Kc1 Bg5 {[%mdl 64] Pin} 26. Bh5 (26. Ne7+ $142 Kb8 27. Nxg8 Bxd2+ 28. Qxd2 Qxf3 {[%mdl 64] Double Attack} 29. Rg1) 26... Bf4 {[%mdl 64] Threatens to win with ...Rg2. Pin} 27. Ng3 Kb8 28. Bd1 Bc6 29. Bc2 f5 30. Rhd1 fxe4 31. Kb2 Bxd2 ({Weaker is} 31... Bxg3 32. Rxf2 Bxf2 33. b5 $17) 32. Rxd2 Qf3 33. b5 Qxc3+ 34. Kxc3 e3 35. Re2 axb5 36. cxb5 Bxb5 37. Rxe3 Rg7 38. Kb4 Bc6 39. Bb3 Rg4+ 40. Ka3 Rh4 41. Re2 Rf8 42. Bc2 {[#]} e4 $1 43. Kb2 (43. Bxe4 Bxe4) 43... d5 44. Kc3 Kc7 45. Kd4 {[#]} e3+ $1 {[%mdl 64] Decoy} 46. Kxe3 Re8+ {Accuracy: White = 52%, Black = 93%.} 0-1

[Event "Chess24 Legends of Chess"]
[Site "Online"]
[Date "2020.07.18"]
[Round "8.1"]
[White "Anand, Viswanathan"]
[Black "Ding, Liren"]
[Result "0-1"]
[WhiteElo "2751"]
[BlackElo "2836"]
[Annotator "TA"]
[PlyCount "44"]
[EventDate "2020.07.21"]
[EventType "tourn"]
[SourceTitle "playchess.com"]
[Source "ChessBase"]
[SourceQuality "1"]

{[%evp 14,44,23,24,22,22,22,22,29,-18,-35,-56,-53,-55,-52,-53,-57,-114,-108,-140,-115,-196,-175,-254,-228,-226,-245,-285,-271,-374,-390,-822,-804]} 1. e4 c5 2. Nf3 d6 3. d4 cxd4 4. Nxd4 Nf6 5. Nc3 a6 6. h3 e6 7. g4 h6 {7...Be7 is the modern continuation. Played by Jan Krzysztof Duda in February 2020.} 8. Bg2 Be7 {B81: Sicilian Scheveningen: Keres Attack.} 9. Be3 Nc6 10. f4 Nd7 {The position is equal.} 11. Nf3 b5 {[#]} 12. Qd2 $146 ({Predecessor:} 12. O-O O-O 13. Ne2 Bb7 14. Ng3 Rc8 15. Qd2 Nb6 16. b3 d5 17. Qf2 Nd7 18. exd5 {1-0 (48) Narayanan,S (2529)-Vidit,S (2707) Xingtai 2019}) 12... Bb7 13. O-O-O Na5 14. b3 Rc8 15. Kb1 {[#]} (15. Nd4 $15) 15... Qc7 $1 $17 16. Ne2 Bxe4 {[%cal Rc7c2]} 17. Rc1 (17. Ne1 $17 Nf6 18. Ng3 Bxg2 19. Nxg2) 17... d5 18. Ng3 (18. Bd4 {was called for.}) 18... Ba3 19. Bd4 O-O 20. g5 {If White can now play gxh6 this consolidates a bit.} Nc5 21. Bxc5 Qxc5 ({Weaker is} 21... Bxc5 22. gxh6 Ba3 23. hxg7 $17) 22. gxh6 $2 {[#]} (22. Nxe4 dxe4 23. Qxa5 Bxc1 24. Rxc1 exf3 25. Bxf3) 22... Nc4 $1 {[%mdl 512] White did not feel at home in the position after the opening. Accuracy: White = 40%, Black = 94%.} 0-1

[Event "Chess24 Legends of Chess"]
[Site "Online"]
[Date "2020.07.18"]
[Round "8.1"]
[White "Giri, Anish"]
[Black "Ivanchuk, Vasyl"]
[Result "1/2-1/2"]
[WhiteElo "2731"]
[BlackElo "2686"]
[Annotator "TA"]
[PlyCount "91"]
[EventDate "2020.07.21"]
[EventType "tourn"]
[SourceTitle "playchess.com"]
[Source "ChessBase"]
[SourceQuality "1"]

{[%evp 21,91,43,47,43,53,32,64,56,54,54,43,47,72,70,89,27,34,25,26,0,35,22,31,6,25,28,35,40,35,37,38,14,20,31,35,9,16,0,25,25,26,28,28,0,0,0,0,0,0,0,0,-8,-4,-18,-16,-22,-8,-4,-8,-8,0,0,0,0,0,-17,0,0,0,-28,0,0]} 1. Nf3 Nf6 2. c4 b6 3. g3 c5 4. Bg2 Bb7 5. O-O e6 6. Nc3 Be7 7. Re1 d6 8. e4 a6 9. d4 cxd4 10. Nxd4 Qc7 11. Be3 O-O 12. Rc1 {A30: Symmetrical English: Double Fianchetto and Hedgehog.} Re8 13. g4 Bf8 14. g5 {White is slightly better.} Nfd7 15. h4 Nc6 16. b3 {[#]} Rad8 $146 ({Predecessor:} 16... Rac8 17. Nde2 Ba8 18. h5 Qb8 19. g6 b5 20. gxf7+ Kxf7 21. cxb5 axb5 22. a4 bxa4 23. bxa4 {0-1 (48) Teske,H (2514)-Simantsev,M (2454) Teplice 2013}) 17. h5 Qb8 18. g6 (18. Qg4 $16) 18... hxg6 $11 19. hxg6 fxg6 20. Bg5 Nf6 21. Nxc6 Bxc6 22. Re3 Rd7 23. Rg3 Nh5 $1 {[%cal Rh5g3]} 24. Rg4 Rf7 25. Be3 Qb7 26. Qd3 b5 27. cxb5 axb5 28. Rxg6 b4 29. Ne2 {aiming for Nd4.} e5 30. Rg5 Nf4 31. Bxf4 exf4 32. Nd4 (32. Nxf4 {keeps more tension.} Rxf4 33. Qc4+ d5 34. Qxc6 Qxc6 35. Rxc6 dxe4 36. Bf1) 32... Bxe4 33. Bxe4 Qxe4 34. Qxe4 Rxe4 35. Nf3 Be7 36. Rb5 Bf6 37. Rc6 Ra7 38. Rc2 Kf7 39. Kg2 Ke6 40. Kh3 d5 41. Kg4 Ra6 42. Rd2 Rd6 43. Rb8 Ra6 44. Rb5 Rd6 45. Rb8 Ra6 46. Rb5 {Accuracy: White = 79%, Black = 84%.} 1/2-1/2

[Event "Chess24 Legends of Chess"]
[Site "Online"]
[Date "2020.07.18"]
[Round "8.1"]
[White "Leko, Peter"]
[Black "Gelfand, Boris"]
[Result "1/2-1/2"]
[WhiteElo "2710"]
[BlackElo "2702"]
[Annotator "TA"]
[PlyCount "136"]
[EventDate "2020.07.21"]
[EventType "tourn"]
[SourceTitle "playchess.com"]
[Source "ChessBase"]
[SourceQuality "1"]

{[%evp 18,136,23,28,25,33,33,14,14,13,13,11,14,11,11,11,18,18,45,45,45,43,41,37,37,37,37,37,37,37,37,34,37,33,33,33,43,31,34,34,33,20,20,24,24,24,24,18,18,18,35,35,41,26,41,41,41,41,48,48,48,48,75,52,52,41,41,41,55,54,54,0,59,41,41,41,41,41,41,41,41,0,49,0,79,79,79,79,79,79,79,79,79,79,79,48,48,48,48,48,48,48,48,48,48,0,48,0,48,48,48,48,48,48,48,0,48,0,48,0,48]} 1. Nf3 c5 2. c4 Nc6 3. Nc3 {[%cal Bb1c3,Bc3d1,Bd1e3][%mdl 32]} Nf6 4. g3 d5 5. d4 cxd4 6. Nxd4 dxc4 7. Nxc6 Qxd1+ 8. Nxd1 bxc6 9. Bg2 Nd5 10. Ne3 e6 {A34: Symmetrical English: 2 Nc3, lines with ...d5.} 11. Nxc4 Ba6 12. Na5 Rc8 13. Bd2 Be7 14. Rc1 c5 15. b3 O-O 16. O-O Rfd8 17. Bf3 {[#]} Nb4 $146 ({Predecessor:} 17... Bf6 18. a4 Nb6 19. Be3 c4 20. Nxc4 Bxc4 21. bxc4 Nxa4 22. Bxa7 Rc7 23. Be3 Rdc8 {½-½ (41) Radjabov,T (2726)-Gelfand,B (2748) Tashkent 2014}) 18. Bxb4 $1 cxb4 19. Nc6 Bg5 20. Rc5 h6 $1 21. h4 Bf6 22. Rfc1 Rd2 23. R5c2 Rxc2 24. Rxc2 Kf8 25. Nxb4 Rxc2 26. Nxc2 $14 {[%mdl 4096] Endgame KBB-KBN} Bc3 27. Kf1 f5 28. Ne3 Ke7 29. Bd5 g5 30. hxg5 hxg5 31. Bc4 Bb7 32. g4 f4 33. Nd1 Bf6 34. f3 Kd6 35. Nf2 a5 36. Ke1 Bc3+ 37. Kd1 Ke7 38. Kc2 Bd4 39. Nd1 Bc5 40. Nc3 Kf6 41. Kd3 Ke5 42. Bb5 Bd5 43. Nb1 Bb4 44. Nc3 Bc5 45. Be8 Bb4 46. Na4 Bb7 {next ...Ba6+ is good for Black.} 47. Bb5 Kd6 48. Nc3 Ke5 49. Bc4 (49. Nd1 {is interesting.} Ba3 50. Kc4 Bb4 51. Nf2 Bd5+ 52. Kd3) 49... Bc6 50. Bb5 (50. Ba6 {seems wilder.} Be7 51. Nb1 Kd5 52. Nd2 Kc5 53. e4) 50... Bxc3 (50... Bb7 $11 {keeps the balance.}) 51. Bxc6 $11 {KB-KB} Bb4 52. Kc4 Kd6 53. Be4 Kc7 54. Kb5 Be1 55. a3 Bd2 56. b4 axb4 57. axb4 Kd6 58. Kc4 Be1 59. Bd3 Bd2 60. Kb5 Be1 61. Kc4 Bd2 62. Be4 Be1 63. b5 Bf2 64. Bc6 Bb6 65. Kd3 Ke5 66. Kc4 Kd6 67. Kd3 Ke5 68. Kc4 Kd6 {Accuracy: White = 94%, Black = 93%.} 1/2-1/2